[Event "Excelsior June op"]
[Site "Toronto CAN"]
[Date "2023.06.24"]
[Round "3.11"]
[White "Oancea, Nicolae"]
[Black "Qian, Eric"]
[Result "0-1"]
[WhiteElo "2164"]
[BlackElo "2157"]
[PlyCount "74"]
[EventDate "2023.06.23"]
[EventType "swiss"]
[EventRounds "5"]
[EventCountry "CAN"]

1. e4 c5 2. Nf3 d6 3. Bb5+ Nc6 4. d4 cxd4 5. Nxd4 Bd7 6. Nxc6 Bxc6 7. Bxc6+
bxc6 8. O-O Nf6 9. Re1 e5 10. Nd2 Be7 11. Nf1 O-O 12. Ng3 Re8 13. Be3 Qc7 14.
c4 Red8 15. Rc1 Qb7 16. Nf5 Bf8 17. Bg5 Be7 18. Qf3 Qd7 19. c5 dxc5 20. Rxc5
Bxc5 21. Bxf6 Qd2 22. Rf1 gxf6 23. h4 Qf4 24. Qh5 Bf8 25. Re1 Rd2 26. f3 Rxb2
27. Rd1 Rd2 28. Rf1 Rc2 29. Kh1 Rc1 30. Rxc1 Qxc1+ 31. Kh2 Qf4+ 32. Kh3 Rd8 33.
g3 Qc1 34. Qg4+ Kh8 35. Qh5 Qh1+ 36. Kg4 Rd3 37. Qxf7 Qxf3+ 0-1

[Event "Excelsior June op"]
[Site "Toronto CAN"]
[Date "2023.06.24"]
[Round "3.12"]
[White "Guo, Anni"]
[Black "Chen, Richard"]
[Result "0-1"]
[WhiteElo "1959"]
[BlackElo "2090"]
[PlyCount "114"]
[EventDate "2023.06.23"]
[EventType "swiss"]
[EventRounds "5"]
[EventCountry "CAN"]

1. e4 e5 2. Nf3 Nc6 3. Bb5 a6 4. Bxc6 dxc6 5. O-O Bg4 6. h3 h5 7. d3 Qf6 8.
Nbd2 g5 9. Re1 Be6 10. d4 g4 11. dxe5 Qg7 12. Nd4 gxh3 13. g3 Bc5 14. N2b3 Bxb3
15. axb3 O-O-O 16. c3 h4 17. Bf4 hxg3 18. Bxg3 Nh6 19. Qd3 Bxd4 20. cxd4 Ng4
21. Qc3 h2+ 22. Kg2 Qh7 23. Qf3 Qh3+ 24. Kh1 Rdg8 25. Rf1 Nxf2+ 26. Rxf2 Rxg3
27. Qf5+ Qxf5 28. exf5 Rxb3 29. Ra3 Rxa3 30. bxa3 Rh5 31. a4 a5 32. f6 Kd7 33.
Rg2 c5 34. Rg7 Ke6 35. Rg8 cxd4 36. Re8+ Kd7 37. Re7+ Kd8 38. Rxf7 Rxe5 39. Rg7
Rf5 40. Rg8+ Kd7 41. Rg7+ Kd6 42. f7 d3 43. Rg3 Rxf7 44. Rxd3+ Kc5 45. Rb3 c6
46. Kxh2 Rg7 47. Rb1 b5 48. Ra1 Kb4 49. axb5 cxb5 50. Rb1+ Kc5 51. Rc1+ Kb6 52.
Rf1 a4 53. Ra1 Ka5 54. Rg1 Rxg1 55. Kxg1 a3 56. Kf2 a2 57. Ke2 a1=Q 0-1

[Event "Excelsior June op"]
[Site "Toronto CAN"]
[Date "2023.06.24"]
[Round "3.13"]
[White "Lu, Tony"]
[Black "Zhong, Ryan Yunhui"]
[Result "0-1"]
[WhiteElo "1999"]
[BlackElo "2006"]
[PlyCount "86"]
[EventDate "2023.06.23"]
[EventType "swiss"]
[EventRounds "5"]
[EventCountry "CAN"]

1. e4 e6 2. d4 d5 3. e5 c5 4. c3 Nc6 5. Nf3 Bd7 6. Be2 Nge7 7. O-O Nf5 8. dxc5
Bxc5 9. Nbd2 Qc7 10. Nb3 Be7 11. Bf4 h6 12. h3 g5 13. Bh2 a6 14. Re1 Ng7 15.
Qd2 b6 16. Bf1 Qd8 17. Qd3 h5 18. Nfd2 Nf5 19. a3 g4 20. c4 d4 21. Ne4 Qc7 22.
Nf6+ Kd8 23. hxg4 hxg4 24. Nxg4 Kc8 25. Bf4 Kb7 26. Nh2 f6 27. Nf3 fxe5 28.
Nxe5 Bd6 29. Qe4 Rh4 30. g4 Bxe5 31. Bxe5 Qxe5 32. Qxe5 Nxe5 33. Bg2+ Bc6 34.
Bxc6+ Kxc6 35. Rxe5 Rxg4+ 36. Kf1 Rag8 37. Rd1 Kd6 38. Ree1 Rf4 39. Ke2 Rg2 40.
Kd3 Rgxf2 41. Rd2 R2f3+ 42. Kc2 e5 43. Rde2 d3+ 0-1

[Event "Excelsior June op"]
[Site "Toronto CAN"]
[Date "2023.06.25"]
[Round "4.3"]
[White "Almeida Quintana, Omar"]
[Black "Sambuev, Bator"]
[Result "0-1"]
[WhiteElo "2636"]
[BlackElo "2532"]
[PlyCount "114"]
[EventDate "2023.06.23"]
[EventType "swiss"]
[EventRounds "5"]
[EventCountry "CAN"]

1. d4 e6 2. Nf3 Nf6 3. c4 b6 4. a3 Bb7 5. Nc3 g6 6. Bf4 Bg7 7. e3 h6 8. h3 O-O
9. Be2 d6 10. O-O Ne4 11. Nxe4 Bxe4 12. Bd3 Bb7 13. e4 Nc6 14. d5 Ne7 15. Qd2
g5 16. Bh2 f5 17. exf5 exd5 18. g4 d4 19. Qe2 Qe8 20. Rfe1 Qf7 21. Nxg5 hxg5
22. Qxe7 Bf6 23. Qxf7+ Kxf7 24. h4 Rae8 25. f4 gxf4 26. g5 Re3 27. Rxe3 fxe3
28. Bg3 Rg8 29. Bf4 Rh8 30. Kh2 Be5 31. Rf1 Rxh4+ 32. Kg3 Rh1 33. Rxh1 Bxh1 34.
Kg4 Bc6 35. b3 Bd7 36. Kf3 Bc6+ 37. Kg4 Kg7 38. Kg3 Be8 39. Kg4 c5 40. Be2 a5
41. a4 Bf7 42. f6+ Kh7 43. Bxe5 dxe5 44. Kf5 Bg6+ 45. Ke6 e4 46. Ke7 d3 47. f7
Bxf7 48. Kxf7 dxe2 49. g6+ Kh6 50. g7 e1=Q 51. g8=Q Qf2+ 52. Ke6 e2 53. Qh8+
Kg5 54. Qe5+ Kg4 55. Qxe4+ Kg3 56. Qg6+ Kf3 57. Qf5+ Ke3 0-1

[Event "Excelsior June op"]
[Site "Toronto CAN"]
[Date "2023.06.25"]
[Round "4.5"]
[White "Laughlin, Braden"]
[Black "Bordas, Gyula"]
[Result "1-0"]
[WhiteElo "2117"]
[BlackElo "2012"]
[PlyCount "101"]
[EventDate "2023.06.23"]
[EventType "swiss"]
[EventRounds "5"]
[EventCountry "CAN"]

1. e4 c5 2. Nf3 d6 3. d4 cxd4 4. Nxd4 Nf6 5. Nc3 a6 6. Rg1 e5 7. Nb3 Be7 8. g4
h6 9. h4 Be6 10. g5 hxg5 11. hxg5 Nfd7 12. Be3 Qc7 13. Qd2 Nb6 14. O-O-O N8d7
15. Kb1 Bc4 16. Nd5 Nxd5 17. exd5 a5 18. Qc3 b5 19. Nd2 Rc8 20. Bxc4 bxc4 21.
Rg4 O-O 22. Rh1 f5 23. Rxc4 Qb7 24. Rc6 f4 25. Ba7 Bxg5 26. Ne4 Be7 27. Qc4 Kf7
28. f3 Rfd8 29. Bf2 Nf8 30. Nc3 Ng6 31. a4 Rb8 32. Nb5 Rdc8 33. Bb6 Qd7 34. Bc7
Rb7 35. Bxd6 Rd8 36. Bxe7 Qxe7 37. Qe4 Nf8 38. Rh5 Rbd7 39. Rxe5 Qh4 40. b3 Nh7
41. Qg6+ Kg8 42. Re8+ Nf8 43. Rxd8 Rxd8 44. Qe4 Qh1+ 45. Kb2 Qh5 46. Nc3 Re8
47. Qxf4 Ng6 48. Qg3 Ne5 49. Re6 Rxe6 50. dxe6 Nxf3 51. Qb8+ 1-0

[Event "Excelsior June op"]
[Site "Toronto CAN"]
[Date "2023.06.25"]
[Round "4.6"]
[White "Kim, Noah"]
[Black "Luger, Sam"]
[Result "1-0"]
[WhiteElo "1972"]
[BlackElo "2097"]
[PlyCount "123"]
[EventDate "2023.06.23"]
[EventType "swiss"]
[EventRounds "5"]
[EventCountry "CAN"]

1. Nf3 c5 2. e4 Nc6 3. d4 cxd4 4. Nxd4 g6 5. Nc3 Bg7 6. Be3 Nf6 7. Bc4 O-O 8.
Bb3 Re8 9. O-O d6 10. h3 Na5 11. f4 b6 12. Re1 Bb7 13. Bf2 Rc8 14. Qd2 a6 15.
Rad1 Nxb3 16. Nxb3 Qc7 17. Re2 b5 18. a3 Red8 19. Qc1 e5 20. fxe5 dxe5 21. Nc5
Bf8 22. Nxb7 Qxb7 23. Bh4 Qb6+ 24. Kh1 Rxd1+ 25. Qxd1 Nh5 26. Nd5 Qe6 27. Rd2
Rc4 28. Qf3 Bh6 29. Ne7+ Kg7 30. Rd8 f6 31. Qd3 Rd4 32. Rxd4 exd4 33. Nd5 Qe5
34. Bf2 Bf4 35. Bxd4 Ng3+ 36. Qxg3 Bxg3 37. Bxe5 Bxe5 38. b3 Kf7 39. Kg1 Bd4+
40. Kf1 Ke6 41. Nc7+ Ke5 42. Nxa6 Bb2 43. Nc7 Bxa3 44. Nxb5 Bb2 45. Ke2 Kxe4
46. c4 Be5 47. b4 f5 48. Na7 Bc3 49. Nc6 f4 50. b5 Bg7 51. b6 Bf8 52. b7 Bd6
53. b8=Q Bxb8 54. Nxb8 Kd4 55. Kf3 g5 56. Kg4 h6 57. Kh5 Kxc4 58. Kxh6 Kd4 59.
Kxg5 Ke3 60. h4 Kf2 61. Kxf4 Kxg2 62. h5 1-0

[Event "Excelsior June op"]
[Site "Toronto CAN"]
[Date "2023.06.25"]
[Round "4.7"]
[White "Henry, Liam"]
[Black "Luger, John"]
[Result "0-1"]
[WhiteElo "2221"]
[BlackElo "2064"]
[PlyCount "80"]
[EventDate "2023.06.23"]
[EventType "swiss"]
[EventRounds "5"]
[EventCountry "CAN"]

1. Nf3 e6 2. g3 d5 3. Bg2 Nf6 4. O-O c5 5. d3 Nc6 6. Nbd2 Qc7 7. e4 d4 8. a4 e5
9. Nc4 Be6 10. Ng5 Bxc4 11. dxc4 h6 12. Nf3 g5 13. h4 g4 14. Nh2 Rg8 15. f3 h5
16. fxg4 Nxg4 17. Rf5 O-O-O 18. Qf3 d3 19. Rxf7 Qd6 20. Nxg4 hxg4 21. Qxd3 Qxd3
22. cxd3 Rxd3 23. Kh2 Be7 24. Bh6 Rd6 25. Be3 Rd3 26. Re1 Kd8 27. Bf1 Rb3 28.
Rf2 Ke8 29. Kg2 Rb6 30. Rd1 Rf8 31. Rxf8+ Kxf8 32. Rd2 Kg7 33. Be2 Rb3 34. Kf2
Nd4 35. Bxg4 Rb4 36. Bf5 Rxc4 37. b3 Rc3 38. h5 Rxb3 39. h6+ Kh8 40. g4 c4 0-1

[Event "Excelsior June op"]
[Site "Toronto CAN"]
[Date "2023.06.25"]
[Round "4.8"]
[White "Qian, Eric"]
[Black "Singh Dhaliwal, Jaipreet"]
[Result "0-1"]
[WhiteElo "2157"]
[BlackElo "1936"]
[PlyCount "80"]
[EventDate "2023.06.23"]
[EventType "swiss"]
[EventRounds "5"]
[EventCountry "CAN"]

1. Nf3 Nf6 2. g3 g6 3. Bg2 Bg7 4. O-O O-O 5. c4 d6 6. Nc3 c5 7. d4 Nc6 8. e3
Bg4 9. h3 Bxf3 10. Bxf3 cxd4 11. exd4 Qc8 12. Bg2 e5 13. dxe5 dxe5 14. Qa4 h6
15. Be3 Rd8 16. Rfd1 Nd4 17. Nb5 Ne8 18. f4 a6 19. Nc3 Nc7 20. Rd2 exf4 21.
Bxf4 Nce6 22. Be3 Qc7 23. Kh2 Nf5 24. Rxd8+ Rxd8 25. Bf2 Bxc3 26. bxc3 Rd2 27.
Be1 Re2 28. Kh1 Qe5 29. Bxb7 Rxe1+ 30. Rxe1 Qxe1+ 31. Kh2 Qxg3+ 32. Kh1 Qxh3+
33. Kg1 Qe3+ 34. Kh2 Qf2+ 35. Bg2 Nf4 36. Qe8+ Kg7 37. Qe5+ Kh7 38. Qe4 Nh4 39.
Qb7 Nfxg2 40. c5 Nf3+ 0-1

[Event "Excelsior June op"]
[Site "Toronto CAN"]
[Date "2023.06.25"]
[Round "4.9"]
[White "D'Agostino, Santo"]
[Black "Arabacioglu, Murat"]
[Result "1-0"]
[WhiteElo "1992"]
[BlackElo "2102"]
[PlyCount "47"]
[EventDate "2023.06.23"]
[EventType "swiss"]
[EventRounds "5"]
[EventCountry "CAN"]

1. e4 c5 2. Nf3 d6 3. d4 cxd4 4. Nxd4 Nf6 5. Nc3 a6 6. f4 e5 7. Nf3 exf4 8.
Bxf4 Be7 9. Qd2 Qb6 10. O-O-O O-O 11. Bc4 Qb4 12. Bb3 Ne8 13. Nd5 Qxd2+ 14.
Rxd2 Nc6 15. Nxe7+ Nxe7 16. Bxd6 Nxd6 17. Rxd6 Bg4 18. Ne5 Bh5 19. g4 Bg6 20.
Rd7 Nc8 21. Nxg6 hxg6 22. Rf1 b5 23. Bxf7+ Kh8 24. Rf3 1-0

[Event "Excelsior June op"]
[Site "Toronto CAN"]
[Date "2023.06.25"]
[Round "4.10"]
[White "Chen, Richard"]
[Black "Zhao, Jifan"]
[Result "1/2-1/2"]
[WhiteElo "2090"]
[BlackElo "1974"]
[PlyCount "158"]
[EventDate "2023.06.23"]
[EventType "swiss"]
[EventRounds "5"]
[EventCountry "CAN"]

1. e4 e6 2. d4 d5 3. Nc3 Nf6 4. Bg5 dxe4 5. Nxe4 Nbd7 6. Nf3 h6 7. Nxf6+ Nxf6
8. Bh4 Be7 9. Bd3 O-O 10. O-O Nd5 11. Bxe7 Qxe7 12. c3 b6 13. Be4 Bb7 14. Qc2
c6 15. Ne5 Rac8 16. Rad1 Nf6 17. Bf3 c5 18. Qa4 Bxf3 19. Nxf3 Qb7 20. dxc5 Rxc5
21. Rd4 Ra5 22. Qb3 Rd5 23. Rxd5 Nxd5 24. Rd1 Nf4 25. Qc4 Nh3+ 26. Kf1 Ng5 27.
Nxg5 hxg5 28. Kg1 Qe7 29. Qb5 Rd8 30. Rd3 Rd6 31. g3 Rxd3 32. Qxd3 f5 33. b4 f4
34. a3 e5 35. Qd5+ Kh7 36. c4 e4 37. gxf4 gxf4 38. Qf5+ g6 39. Qxf4 a5 40. bxa5
bxa5 41. Qe3 Qe6 42. Qc3 Qg4+ 43. Kf1 Qd1+ 44. Kg2 e3 45. fxe3 Qg4+ 46. Kf2
Qh4+ 47. Kf3 Qh5+ 48. Ke4 Qf5+ 49. Kd4 Qf6+ 50. Kd3 Qd6+ 51. Kc2 Qxh2+ 52. Kb3
Qb8+ 53. Ka4 g5 54. c5 g4 55. Qd3+ Kg7 56. Qd4+ Kf7 57. Qxg4 Qe8+ 58. Kxa5 Qa8+
59. Kb4 Qb8+ 60. Kc4 Qa7 61. Qf5+ Kg7 62. Qe5+ Kf7 63. Qd5+ Ke7 64. Qd6+ Kf7
65. c6 Qa4+ 66. Kd5 Qb3+ 67. Kd4 Qd1+ 68. Kc5 Qc1+ 69. Kb6 Qxe3+ 70. Kb7 Qb3+
71. Kc8 Qa4 72. Qd5+ Ke7 73. c7 Qxa3 74. Qd8+ Ke6 75. Qe8+ Kf6 76. Kd8 Qd6+ 77.
Kc8 Qa6+ 78. Kd7 Qb5+ 79. Kd8 Qd5+ 1/2-1/2

[Event "Excelsior June op"]
[Site "Toronto CAN"]
[Date "2023.06.25"]
[Round "4.11"]
[White "Zhong, Ryan Yunhui"]
[Black "Zhu, Charis"]
[Result "0-1"]
[WhiteElo "2006"]
[BlackElo "1906"]
[PlyCount "58"]
[EventDate "2023.06.23"]
[EventType "swiss"]
[EventRounds "5"]
[EventCountry "CAN"]

1. e4 e5 2. Nf3 Nc6 3. d4 exd4 4. Nxd4 Bc5 5. Nb3 Bb6 6. Nc3 d6 7. Qe2 Nf6 8.
Be3 Be6 9. O-O-O Bxe3+ 10. Qxe3 a6 11. f3 b5 12. Nc5 Qc8 13. Nxb5 dxc5 14. Qxc5
Qb7 15. Nc3 Nd7 16. Qe3 Rb8 17. b3 O-O 18. g4 Qb4 19. Nb1 Nc5 20. Be2 Qb6 21.
Qg1 Nb4 22. Nc3 Qa5 23. Kb2 Nxa2 24. Nxa2 Nxb3 25. Nc3 Nd2+ 26. Nb5 axb5 27.
Qe3 Nc4+ 28. Bxc4 bxc4+ 29. Kc1 c3 0-1

[Event "Excelsior June op"]
[Site "Toronto CAN"]
[Date "2023.06.25"]
[Round "4.12"]
[White "Ferreira, Alex"]
[Black "Guo, Anni"]
[Result "0-1"]
[WhiteElo "1988"]
[BlackElo "1959"]
[PlyCount "120"]
[EventDate "2023.06.23"]
[EventType "swiss"]
[EventRounds "5"]
[EventCountry "CAN"]

1. e4 g6 2. d4 Bg7 3. Nc3 d6 4. Be3 a6 5. a4 b6 6. Bc4 e6 7. Nf3 Nd7 8. Bg5 Ne7
9. Qd2 h6 10. Be3 Bb7 11. O-O Nf6 12. Bd3 d5 13. e5 Ne4 14. Qe1 c5 15. Ne2 cxd4
16. Bxd4 Nc6 17. c3 Ng5 18. Ng3 Qc7 19. Qe3 Nxf3+ 20. gxf3 Nxe5 21. Be2 O-O 22.
Bxb6 Qc6 23. b3 Nd7 24. Ba5 f5 25. Bb5 axb5 26. axb5 Qxb5 27. Qxe6+ Rf7 28. Bb4
Rxa1 29. Rxa1 Ne5 30. Ra5 Qc6 31. Qxc6 Nxc6 32. Rxd5 Nxb4 33. Rd8+ Rf8 34. Rd6
Rf6 35. Rd8+ Kh7 36. cxb4 Bxf3 37. Nf1 Rb6 38. Nd2 Be2 39. Re8 Ba6 40. Ra8 Bb7
41. Ra7 Rxb4 42. Kf1 Bd5 43. Ra3 g5 44. Ke2 Kg6 45. Kd3 Rd4+ 46. Ke3 Rb4 47.
Kd3 Rh4 48. Ra5 Be4+ 49. Kc4 Bc2+ 50. Kc5 Rxh2 51. b4 Rxf2 52. Nc4 Bb3 53. Ra6+
Kh5 54. Na5 Rc2+ 55. Kd6 Bf8+ 56. Ke5 Bc4 57. Rc6 Bd3 58. Rb6 Bxb4 59. Rxb4
Rc5+ 60. Kd4 Rxa5 0-1

[Event "Excelsior June op"]
[Site "Toronto CAN"]
[Date "2023.06.25"]
[Round "4.13"]
[White "Lu, Tony"]
[Black "Oancea, Nicolae"]
[Result "1-0"]
[WhiteElo "1999"]
[BlackElo "2164"]
[PlyCount "167"]
[EventDate "2023.06.23"]
[EventType "swiss"]
[EventRounds "5"]
[EventCountry "CAN"]

1. e4 c6 2. d4 d5 3. Nc3 dxe4 4. Nxe4 Bf5 5. Ng3 Bg6 6. N1e2 h6 7. Nf4 Bh7 8.
Bc4 e6 9. O-O Nf6 10. Re1 Bd6 11. Bxe6 Bxf4 12. Bb3+ Kf8 13. Bxf4 Bg6 14. Qf3
Kg8 15. h4 h5 16. c3 Kh7 17. Bg5 Nbd7 18. Nf5 Qc7 19. Bf4 Qb6 20. Nd6 Rhf8 21.
Re7 Kg8 22. Rae1 Rad8 23. c4 c5 24. dxc5 Nxc5 25. Nxb7 Rd3 26. R1e3 Ng4 27.
Nxc5 Qxc5 28. Rxd3 Qxe7 29. Rd1 Qxh4 30. Bg3 Qg5 31. Qd5 Qf6 32. Qd4 Qg5 33. c5
Rc8 34. Bd5 Nf6 35. Bh4 Qf5 36. Bxf6 gxf6 37. b4 Kg7 38. Bf3 Qc2 39. Qd2 Qc4
40. Rc1 Qb5 41. c6 Rc7 42. Be2 Qb6 43. b5 h4 44. a4 h3 45. gxh3 Rc8 46. Bg4 f5
47. Bf3 Qc7 48. Qd4+ Kh7 49. Qd7 Qf4 50. Rc3 Rg8 51. Bg2 Qb4 52. Rc1 Qf4 53.
Rc3 Qxa4 54. Qd3 f4 55. Qf3 Qxb5 56. c7 Qb1+ 57. Kh2 Qf5 58. Qg4 Rc8 59. Qxf5
Bxf5 60. Bb7 Re8 61. c8=Q Bxc8 62. Bxc8 Re7 63. Kg2 Kg6 64. Kf3 Kg5 65. Rc5+
Kg6 66. Kxf4 Re2 67. f3 Ra2 68. Rc6+ Kg7 69. Ra6 Rc2 70. Bf5 Rc7 71. Kg5 Rb7
72. h4 Rb2 73. Kg4 Rh2 74. h5 f6 75. Be4 Rc2 76. Bg6 Rc7 77. Kf5 Rb7 78. Ke6
Rb4 79. Rxa7+ Kh6 80. Ra3 Kg5 81. Kf7 Rb7+ 82. Kg8 Rb8+ 83. Kg7 Rb6 84. Ra5+
1-0

[Event "Excelsior June op"]
[Site "Toronto CAN"]
[Date "2023.06.25"]
[Round "5.2"]
[White "Sambuev, Bator"]
[Black "Laughlin, Braden"]
[Result "1-0"]
[WhiteElo "2532"]
[BlackElo "2117"]
[PlyCount "57"]
[EventDate "2023.06.23"]
[EventType "swiss"]
[EventRounds "5"]
[EventCountry "CAN"]

1. d4 d5 2. c4 c6 3. Nf3 Nf6 4. e3 e6 5. Nbd2 Be7 6. b3 O-O 7. Bb2 Nbd7 8. Bd3
b6 9. O-O Bb7 10. Qe2 c5 11. Rac1 Re8 12. Rfd1 Bd6 13. cxd5 exd5 14. Ba6 Bxa6
15. Qxa6 Ne4 16. Qd3 Re6 17. dxc5 Ndxc5 18. Qd4 Rg6 19. Nxe4 dxe4 20. Ne5 Rf6
21. Nc4 Bxh2+ 22. Kxh2 Rh6+ 23. Kg1 Qf8 24. Ne5 Qb8 25. Ng4 Rg6 26. Nh6+ Kh8
27. Nxf7+ Kg8 28. Qd5 Ne6 29. Ne5 1-0

[Event "Excelsior June op"]
[Site "Toronto CAN"]
[Date "2023.06.25"]
[Round "5.3"]
[White "Mao, Fengxi"]
[Black "Kim, Noah"]
[Result "1-0"]
[WhiteElo "2280"]
[BlackElo "1972"]
[PlyCount "129"]
[EventDate "2023.06.23"]
[EventType "swiss"]
[EventRounds "5"]
[EventCountry "CAN"]

1. Nf3 Nf6 2. b3 d5 3. Bb2 Bg4 4. e3 e6 5. h3 Bh5 6. g4 Bg6 7. Ne5 Nbd7 8. Nxg6
hxg6 9. d3 Bd6 10. Nd2 c6 11. Bg2 Qe7 12. g5 Nh5 13. h4 f6 14. gxf6 gxf6 15.
Qg4 Qf7 16. O-O-O O-O-O 17. Kb1 Kb8 18. c4 f5 19. Qe2 e5 20. cxd5 cxd5 21. Rc1
Rhe8 22. Rc2 a6 23. Rhc1 e4 24. dxe4 fxe4 25. f3 exf3 26. Qxf3 Qxf3 27. Bxf3
Nhf6 28. Rg1 Rg8 29. e4 Be5 30. Ba3 Bd4 31. Rd1 Ne5 32. exd5 Nxd5 33. Bxd5 Rxd5
34. Ne4 Nc6 35. Nf6 Bxf6 36. Rxd5 Bxh4 37. Rg2 Bd8 38. Bb2 Kc7 39. a3 Be7 40.
Ka2 Bd6 41. Rdg5 Re8 42. Rxg6 Bc5 43. Rc2 Bd6 44. Rd2 Rd8 45. Bf6 Rd7 46. Bh4
Rh7 47. Bf2 Bf4 48. Bg3 Bxg3 49. Rxg3 Rf7 50. Rdg2 Kb6 51. Rg7 Rf8 52. Rd2 a5
53. Kb2 Rh8 54. Rgg2 Rh7 55. Rh2 Rg7 56. Rh6 Rf7 57. Rdh2 Rg7 58. Rh7 Rg3 59.
Rd2 Rg8 60. a4 Rf8 61. Rdd7 Nd8 62. Ka3 Rg8 63. Rd5 Nc6 64. Rb5+ Ka6 65. Rhxb7
1-0

[Event "Excelsior June op"]
[Site "Toronto CAN"]
[Date "2023.06.25"]
[Round "5.5"]
[White "Luger, John"]
[Black "D'Agostino, Santo"]
[Result "1/2-1/2"]
[WhiteElo "2064"]
[BlackElo "1992"]
[PlyCount "155"]
[EventDate "2023.06.23"]
[EventType "swiss"]
[EventRounds "5"]
[EventCountry "CAN"]

1. Nf3 Nf6 2. b3 g6 3. Bb2 Bg7 4. g3 O-O 5. Bg2 d5 6. c4 c6 7. d3 Qb6 8. O-O
dxc4 9. dxc4 Bg4 10. Nbd2 Na6 11. a3 Rad8 12. Qc1 Nc7 13. Re1 c5 14. Bc3 Ne6
15. Qb2 Nd4 16. b4 Ne8 17. e3 Nxf3+ 18. Nxf3 Bxc3 19. Qxc3 Qc7 20. Ne5 Bc8 21.
b5 f6 22. Nd3 b6 23. Nf4 e6 24. a4 Qe5 25. Qc2 Ng7 26. Nd3 Qc7 27. Nf4 Rd6 28.
Qc3 Kf7 29. h4 Rfd8 30. a5 Bb7 31. axb6 Qxb6 32. Bxb7 Qxb7 33. Qa3 R8d7 34.
Qxc5 Nf5 35. Ng2 Rd2 36. Qc6 Qxc6 37. bxc6 Rc7 38. Reb1 Rd6 39. Rb7 Rdxc6 40.
Raxa7 Rxb7 41. Rxb7+ Ne7 42. Rb4 Rc7 43. e4 Nc6 44. Ra4 Ne5 45. Ne3 f5 46. exf5
gxf5 47. Ra3 f4 48. gxf4 Nf3+ 49. Kf1 Nxh4 50. Rc3 Ng6 51. f5 exf5 52. Nxf5 Ke6
53. Nd4+ Ke5 54. Nb5 Rc5 55. Re3+ Kf4 56. Nd6 Re5 57. Rh3 h5 58. f3 h4 59. Ne4
Ra5 60. Ke2 Ra2+ 61. Nd2 Rb2 62. Kd3 Rb8 63. Rh1 Re8 64. Rh3 Rd8+ 65. Kc3 Ke3
66. Ne4 Rh8 67. Nd6 Kf2 68. Rh2+ Kxf3 69. Nf5 h3 70. c5 Kf4 71. Rf2+ Kg4 72.
Ne3+ Kg3 73. Rf5 Ne7 74. Rf7 Nc8 75. c6 h2 76. Nf1+ Kg2 77. Nxh2 Kxh2 78. Kd4
1/2-1/2

[Event "Excelsior June op"]
[Site "Toronto CAN"]
[Date "2023.06.25"]
[Round "5.6"]
[White "Bordas, Gyula"]
[Black "Joseph, Jonath"]
[Result "1-0"]
[WhiteElo "2012"]
[BlackElo "1939"]
[PlyCount "149"]
[EventDate "2023.06.23"]
[EventType "swiss"]
[EventRounds "5"]
[EventCountry "CAN"]

1. e4 e5 2. Nf3 Nc6 3. Bb5 a6 4. Ba4 d6 5. O-O Bd7 6. c3 g6 7. Re1 Bg7 8. d4
Nge7 9. d5 Nb8 10. Bc2 O-O 11. c4 f5 12. Nc3 f4 13. Ng5 Qc8 14. Ba4 Bg4 15. f3
h6 16. fxg4 hxg5 17. b4 Nd7 18. Bd2 a5 19. Bxd7 Qxd7 20. bxa5 Rxa5 21. Nb5 Raa8
22. h3 Rf7 23. Rf1 c6 24. Nc3 cxd5 25. cxd5 Rff8 26. Qb3 Rfc8 27. Rab1 Rab8 28.
Nb5 Kh7 29. a4 Nc6 30. dxc6 bxc6 31. Rfc1 cxb5 32. Rxc8 Qxc8 33. axb5 Rb7 34.
Qd5 Qc7 35. Be1 Bf6 36. Bf2 Bd8 37. Rd1 Kh6 38. Qxd6 Qxd6 39. Rxd6 Rxb5 40.
Rxd8 Rb1+ 41. Kh2 Kg7 42. Rd7+ Kf6 43. Rd6+ Kf7 44. Rb6 Rc1 45. Rb5 Ke6 46. Rc5
Ra1 47. Rc6+ Kf7 48. Rc2 Ra3 49. h4 gxh4 50. Bxh4 Re3 51. Rc7+ Ke6 52. Rg7 Rxe4
53. Rxg6+ Kf7 54. Rf6+ Kg8 55. Bg5 Re2 56. Kh3 Re1 57. Bxf4 exf4 58. Rxf4 Kg7
59. g5 Kg6 60. Kg4 Ra1 61. Rf6+ Kg7 62. Rb6 Ra5 63. Kh5 Ra1 64. Rb7+ Kg8 65.
Kh6 Rg1 66. Kg6 Kf8 67. Rb8+ Ke7 68. Rb2 Ra1 69. Rf2 Ra5 70. Kh6 Ra1 71. g6 Ra4
72. g3 Rg4 73. Rf3 Ke6 74. g7 Ke7 75. Kh5 1-0

[Event "Excelsior June op"]
[Site "Toronto CAN"]
[Date "2023.06.25"]
[Round "5.7"]
[White "Zhu, Charis"]
[Black "Qian, Eric"]
[Result "1/2-1/2"]
[WhiteElo "1906"]
[BlackElo "2157"]
[PlyCount "93"]
[EventDate "2023.06.23"]
[EventType "swiss"]
[EventRounds "5"]
[EventCountry "CAN"]

1. d4 d5 2. c4 e6 3. Nc3 Nf6 4. cxd5 exd5 5. Bg5 c6 6. e3 Be7 7. Bd3 Nbd7 8.
Nf3 h6 9. Bh4 Nh5 10. Bxe7 Qxe7 11. O-O O-O 12. a3 a5 13. Rb1 Nhf6 14. b4 axb4
15. axb4 b5 16. Qb3 Nb6 17. Ne5 Bb7 18. Ra1 Nc4 19. Bxc4 bxc4 20. Qb2 Rfb8 21.
Rfb1 Nd7 22. Nxd7 Qxd7 23. Na4 Qd8 24. Nc5 Bc8 25. Rxa8 Rxa8 26. Ra1 Rb8 27. h3
h5 28. Ra7 Qb6 29. Qa3 Bf5 30. Ra8 Rxa8 31. Qxa8+ Kh7 32. Qa5 Qb8 33. Qa3 Qd6
34. Qc1 Qg6 35. Kh2 h4 36. Qe1 Qd6+ 37. Kg1 Qg6 38. Kh2 Qd6+ 39. Kg1 f6 40. Qd1
Kh6 41. Qc1 Kg6 42. e4 Bc8 43. Qc2 Kh6 44. Qd2+ Kg6 45. Qc2 Kf7 46. exd5 Qxd5
47. Qc3 1/2-1/2

[Event "Excelsior June op"]
[Site "Toronto CAN"]
[Date "2023.06.25"]
[Round "5.8"]
[White "Guo, Anni"]
[Black "Henry, Liam"]
[Result "1-0"]
[WhiteElo "1959"]
[BlackElo "2221"]
[PlyCount "71"]
[EventDate "2023.06.23"]
[EventType "swiss"]
[EventRounds "5"]
[EventCountry "CAN"]

1. e4 c5 2. Nf3 d6 3. d4 cxd4 4. Nxd4 Nf6 5. f3 e5 6. Nb3 Be6 7. c4 a5 8. Be3
Nc6 9. Nc3 a4 10. Nc1 a3 11. b3 Qa5 12. Qd2 Be7 13. Nd3 O-O 14. Be2 Nb4 15.
Nxb4 Qxb4 16. O-O Rfd8 17. Rfd1 Bd7 18. Rac1 Rdc8 19. Bg5 Ra6 20. Kh1 Raa8 21.
Bxf6 gxf6 22. Qh6 Be6 23. Nd5 Bxd5 24. exd5 Bf8 25. Qxf6 Bg7 26. Qf5 b5 27.
cxb5 Rxc1 28. Rxc1 Qd2 29. Qc2 Bh6 30. Qxd2 Bxd2 31. Rc6 Bb4 32. b6 Rb8 33. Ba6
Kg7 34. b7 Bc5 35. Rc8 Ba7 36. b4 1-0

[Event "Excelsior June op"]
[Site "Toronto CAN"]
[Date "2023.06.25"]
[Round "5.9"]
[White "Luger, Sam"]
[Black "Chen, Richard"]
[Result "1/2-1/2"]
[WhiteElo "2097"]
[BlackElo "2090"]
[PlyCount "81"]
[EventDate "2023.06.23"]
[EventType "swiss"]
[EventRounds "5"]
[EventCountry "CAN"]

1. d4 Nf6 2. c4 e6 3. g3 d5 4. Bg2 Be7 5. Nf3 O-O 6. O-O b6 7. cxd5 Nxd5 8. Qc2
Bb7 9. Rd1 Nd7 10. Nc3 c5 11. dxc5 Nxc5 12. Nxd5 Bxd5 13. Ne5 Rc8 14. Bxd5 exd5
15. Qf5 Ne4 16. Nf3 Rc2 17. Rxd5 Qc8 18. Qxe4 Rxc1+ 19. Rxc1 Qxc1+ 20. Kg2 Bf6
21. Rd7 a5 22. b3 Qb2 23. Rd2 Qa3 24. Qc4 h6 25. Qb5 Rb8 26. e4 Qc1 27. e5 Be7
28. Rd7 Bc5 29. Qe2 Re8 30. h4 Qb1 31. Rd3 Bb4 32. a4 Bc5 33. h5 Kh8 34. Qd2
Kh7 35. Qc3 Kg8 36. Qc4 Re7 37. Qd5 Re8 38. Qd7 Rf8 39. Rd2 Qxb3 40. Qc6 Qc3
41. Qe4 1/2-1/2

[Event "Excelsior June op"]
[Site "Toronto CAN"]
[Date "2023.06.25"]
[Round "5.10"]
[White "Arabacioglu, Murat"]
[Black "Lu, Tony"]
[Result "0-1"]
[WhiteElo "2102"]
[BlackElo "1999"]
[PlyCount "88"]
[EventDate "2023.06.23"]
[EventType "swiss"]
[EventRounds "5"]
[EventCountry "CAN"]

1. c4 e6 2. Nf3 d5 3. b3 Nf6 4. g3 b6 5. Bg2 Bb7 6. O-O Be7 7. Bb2 Nbd7 8. Nc3
O-O 9. e3 c5 10. Rc1 Rc8 11. Ne2 Bd6 12. cxd5 exd5 13. d4 Ne4 14. Nd2 Qe7 15.
Nxe4 dxe4 16. Qd2 Ba6 17. Rfd1 Bxe2 18. Qxe2 cxd4 19. Bxd4 Bc5 20. Qb2 f6 21.
Bxc5 Nxc5 22. Bf1 Rcd8 23. b4 Nb7 24. Rd4 h6 25. Rcd1 Rxd4 26. Rxd4 Rd8 27. a3
Kh7 28. Bh3 Qe5 29. Qd2 Rxd4 30. exd4 Qd5 31. Qf4 Nd6 32. Qe3 Nb5 33. Bg2 f5
34. g4 g6 35. gxf5 gxf5 36. f3 exf3 37. Bxf3 Qxd4 38. Qxd4 Nxd4 39. Bd1 Kg6 40.
Kf2 f4 41. a4 Nc6 42. Kf3 Kf5 43. Bc2+ Ke5 44. b5 Nd4+ 0-1